000
00320nam a2200133Ia 4500
008
200103s9999||||xx |||||||||||||| ||und||
040
_a
IMU-MPC
082
_a
Column-25
100
_a
Shankland, Robert S.
245
0
_a
Atomic and Nuclear Physics
260
_b
Macmillan, London
_c
1961
300
_a
xvi, 665
942
_c
BK
999
_c
6911
_d
6911